Responses for Show #6705 - Friday, November 8, 2013

Rani Peffer game 4.

Contestants

[<< previous game]

Vimal Murthy, a burn and wound surgeon from Redondo Beach, California

Amanda DeMeola, an attorney from Brooklyn, New York

Rani Peffer, a corporate finance manager from Crittenden, Kentucky (whose 3-day cash winnings total $41,135)

[next game >>]

Jeopardy! Round responses

AMERICAN POETRY
DEPARTMENT STORES
"LEAD" THE WAY
CARTOGRAPHIC ABBREVIATIONS
THE OSCAR-WINNING ROLE
SOUTH AFRICAN WILDLIFE
    $200 22
grass

Triple Stumper
    $200 17
Goodman

Rani
    $200 1
leading lady

Rani
    $200 9
a fort

Amanda
    $200 16
Michael Douglas

Rani
    $200 3
canines (the eye teeth accepted)

Rani
    $400 23
William Jennings Bryan

Vimal
    $400 19
Saks Fifth Avenue

Rani
    $400 2
cheerleaders

Vimal
    $400 10
junction

Rani
    $400 24
Heath Ledger

Amanda
    $400 7
prehensile

Amanda
    $600 28
Oliver Wendell Holmes

Triple Stumper
    $600 20
Neiman Marcus

Rani
    $600 4
the Majority Leader

Amanda
    $600 11
the headwaters

Triple Stumper
    $600 25
Meryl Streep

Amanda
    $600 8
a gnu

Rani
    $800 29
[Rani counts on her fingers.]
[The end-of-round signal sounds.]

"one if by land, and two if by sea"

Rani
    $800 18
Nordstrom's

Amanda
    $800 5
a loss leader

Rani
    $800 12
volcanoes

Rani
    $800 26
(Alex: With less than a minute to go now.)

Cuba Gooding, Jr.

Amanda
    $800 14
dominance

Vimal
    $1000 21
Barneys

Triple Stumper
    $1000 6
plead

Vimal
    $1000 13
an isobar

Vimal
    $1000 27
Gregory Peck

Rani
    $1000 15
the Zulu

Triple Stumper

Scores at the first commercial break (after clue 15):

Rani Amanda Vimal
$3,000 $1,200 $3,200

Scores at the end of the Jeopardy! Round:

Rani Amanda Vimal
$6,200 $3,800 $3,600

Double Jeopardy! Round responses

THE SWEET 1600s
PANTSLESS TV
GLASS & GLASSMAKING
FILTHY 4-LETTER WORDS
IMMIGRANTS
FROM THE "OL" COUNTRY
(Alex: "O-L"--those two letters are coming up in each correct response.)
    $400 16
Jamestown

Amanda
    $400 1
Survivor

Rani
    $400 26
(Rani: What is lava?)

lightning

RaniVimal
    $400 9
dust

Rani
    $400 21
AIDS

Vimal
    $400 2
Poland

Vimal
    $800 17
the Netherlands

Rani
    $800 7
Fred Flintstone

Amanda
    $800 27
paperweights

Rani
    $800 10
dirt

Vimal
    $3,000 25
(Alex: And we have less than a minute to go to deal with this last category.)

Schwarzenegger

Vimal
    $800 3
Angola

Vimal
    $1200 18
(Johannes) Kepler

Vimal
    $1200 8
NYPD Blue

Rani
    $1200 11
soil

Triple Stumper
    $1200 24
Bacardi

Triple Stumper
    $1200 4
Mongolia

Vimal
    $1600 19
De La Salle

Vimal
    $1600 14
Radar O'Reilly

Amanda
    $1600 28
(Rani: What is Chartres?)
...
(Alex: "What is [*]?" [Spells correct response])
[The end-of-round signal sounds.]
(Alex: Reams of paper.)

Reims

Rani
Triple Stumper
    $1600 12
muck

Amanda
    $1600 22
Tornado

Vimal
    $1600 5
the Solomon Islands

Triple Stumper
    $2000 20
(Amanda: What is the London Times?)

the Bank of England

Amanda
Triple Stumper
    $2000 15
Fawlty Towers

Amanda
    $2000 13
reek

Amanda
    $2000 23
Gallo

Triple Stumper
    $3,000 6
(Vimal: What is Bolivia?)

Colombia

Vimal

Scores at the end of the Double Jeopardy! Round:

Rani Amanda Vimal
$7,800 $10,200 $12,000

[wagering suggestions for these scores]

Final Jeopardy! Round responses

OLYMPIC HISTORY
RaniWhat is Saudi Arabia?
$7,777
AmandaWhat is Iraq?
$10,200
VimalWhat is Afghanistan?
$8,401
Saudi Arabia

Final scores:

Rani Amanda Vimal
$15,577 $0 $3,599
4-day champion: $56,712 3rd place: $1,000 2nd place: $2,000

Game dynamics:

Coryat scores:

Rani Amanda Vimal
$7,800 $10,200 $12,800
17 R
(including 1 DD),
2 W
13 R,
1 W
15 R
(including 1 DD),
1 W
(including 1 DD)

Combined Coryat: $30,800

[game clues] [game scores] [suggest correction]

Game tape date: 2013-09-17
The J! Archive is created by fans, for fans. Scraping, republication, monetization, and malicious use prohibited; this site may use cookies and collect identifying information. See terms. The Jeopardy! game show and all elements thereof, including but not limited to copyright and trademark thereto, are the property of Jeopardy Productions, Inc. and are protected under law. This website is not affiliated with, sponsored by, or operated by Jeopardy Productions, Inc. Join the discussion at JBoard.tv.